000
00224nmm a2200085Ia 4500
008
220120s9999||||xx |||||||||||||||||und||
100
_a
Microsoft Press
_9
5306
245
0
_a
Projects proffessional 2003
260
_a
Microsoft press
999
_c
139641
_d
139641